| 000 | 00409nam a2200181Ia 4500 | ||
|---|---|---|---|
| 005 | 20250603145540.0 | ||
| 008 | 250603s9999 xx 000 0 und d | ||
| 020 | _a9788072054 | ||
| 050 | _aKP 63 .N5/ | ||
| 100 | _aNnamani, G. | ||
| 245 | 0 | _aPractical approach to legal advocacy | |
| 260 | _aEnugu | ||
| 260 | _bGenna Pub. Ltd | ||
| 260 | _c2011 | ||
| 300 | _a311 p | ||
| 650 | _aEnugu | ||
| 942 | _cBK | ||
| 999 |
_c42177 _d42177 |
||